000 00890njm a2200289 c 4500
003 BLK
005 20240523110316.0
008 180410b bul||n||s|||||||| n|bulo|
010 _aCDD00002268000
040 _aBLK
041 _aBUL
_cBUL
080 _aФотография. Кинематография
_b77
139 _aЦифрови фотографии [CD-ROM]
_bМ 76
245 1 0 _aЦифрови фотографии [CD-ROM]
_bИзбрани снимки 2004-2006
_cфотогр. Явор Мичев.
257 _aBGR
260 _c2006
380 _a7
590 _aS.N: 70534 от КНИГИ
700 1 _aМичев, Явор
_eфотогр.
_9354410
852 _aЦб CD 1124
_p0
856 4 _qpdf
_u
856 4 _qpdf
_u
942 _cCDD
_n0
944 _aCR
_c12.01.2007
_k30545
_lНора Радева
944 _aED
_c12.01.2007
999 _c219841
_d219841
999 _d219841